Analýza a návrh vhodných komunikačných aktivít firmy Protherm, s.r.o bakalárska práca

Uložené v:
Podrobná bibliografia
Hlavný autor: Schwachová, Alena
Korporativný autor: Obchodná fakulta EU. Katedra marketingu
Ďalší autori: Lukačovičová, Zuzana
Médium: Kniha
Jazyk:Slovak
Vydavateľské údaje: Bratislava 2011
Tagy: Pridať tag
Žiadne tagy, Buďte prvý, kto otaguje tento záznam!

MARC

LEADER 00000nbm a2200000 4500
001 0132004
005 20161109111425.4
041 0 |a slo 
044 |a SK 
245 1 0 |a Analýza a návrh vhodných komunikačných aktivít firmy Protherm, s.r.o  |b bakalárska práca  |c Alena Schwachová ; školiteľ: Zuzana Lukačovičová 
264 1 |a Bratislava  |c 2011 
300 |a 61 s. 
100 1 |a Schwachová, Alena 
700 1 |a Lukačovičová, Zuzana 
710 2 |a Obchodná fakulta EU. Katedra marketingu